[Event "38th Olympiad"]
[Site "Dresden GER"]
[Date "2008.11.21"]
[Round "8"]
[White "Parligras, M."]
[Black "Kovacevic, A."]
[Result "1-0"]
[WhiteElo "2611"]
[BlackElo "2581"]
[PlyCount "97"]
[EventDate "2008.11.13"]
[SourceDate "1999.07.01"]

1. e4 c5 2. Nf3 d6 3. d4 cxd4 4. Nxd4 Nf6 5. Nc3 a6 6. Be3 e5 7. Nde2 Be6 8. f4
g6 9. g3 Nbd7 10. Bg2 Be7 11. h3 Rc8 12. O-O b5 13. a3 Nb6 14. fxe5 Nh5 15.
exd6 Bg5 16. Bxg5 Qxg5 17. Qd4 Qc5 18. Qxc5 Rxc5 19. g4 Ng7 20. b4 Rg5 21. Nd4
Bc4 22. Rfe1 h5 23. Nf3 Ne6 24. Nxg5 Nxg5 25. e5 hxg4 26. hxg4 Nh3+ 27. Bxh3
Rxh3 28. Ne4 Nd5 29. Nf6+ Kd8 30. Nxd5 Bxd5 31. Rad1 Bc4 32. Kg2 Rc3 33. Rd2
Kd7 34. Kf2 Rh3 35. Rg1 Rxa3 36. Rh1 a5 37. bxa5 Rxa5 38. Rh8 b4 39. Rb8 Rxe5
40. Rb7+ Kd8 41. Rxb4 Rc5 42. Ke3 Bb5 43. c4 Bc6 44. Rb8+ Kd7 45. Rf8 Ke6 46.
Rc8 Re5+ 47. Kf2 Bd7 48. Rc7 f5 49. c5 1-0

[Event "38th Olympiad"]
[Site "Dresden GER"]
[Date "2008.11.22"]
[Round "9"]
[White "Bachmann, Ax"]
[Black "Ghaem Maghami, E."]
[Result "0-1"]
[WhiteElo "2555"]
[BlackElo "2599"]
[PlyCount "38"]
[EventDate "2008.11.13"]
[SourceDate "1999.07.01"]

1. e4 c5 2. Nf3 d6 3. d4 cxd4 4. Nxd4 Nf6 5. Nc3 a6 6. h3 e5 7. Nde2 b5 8. g4
Bb7 9. Bg2 Be7 10. O-O O-O 11. Ng3 g6 12. f4 exf4 13. Bxf4 Nc6 14. Bh6 Re8 15.
g5 Nd7 16. Rxf7 Nce5 17. Rg7+ Kh8 18. Qd4 Nc5 19. Nd5 Bxg5 0-1

[Event "38th Olympiad"]
[Site "Dresden GER"]
[Date "2008.11.23"]
[Round "10"]
[White "Nisipeanu, LD."]
[Black "Papaioannou, I."]
[Result "1-0"]
[WhiteElo "2684"]
[BlackElo "2597"]
[PlyCount "51"]
[EventDate "2008.11.13"]
[SourceDate "1999.07.01"]

1. e4 c5 2. Nf3 d6 3. d4 cxd4 4. Nxd4 Nf6 5. Nc3 a6 6. Bc4 e6 7. Bb3 b5 8. Bg5
Be7 9. Qf3 Qc7 10. e5 Bb7 11. exd6 Bxd6 12. Qe3 Be5 13. O-O-O O-O 14. f4 Bxd4
15. Rxd4 Nbd7 16. Rhd1 Bc6 17. Qg3 Kh8 18. Qh3 Qb7 19. f5 Bxg2 20. Qg3 b4 21.
Na4 Bd5 22. Nc5 Qb8 23. Qh3 Rc8 24. Nxd7 Nxd7 25. fxe6 Bxb3 26. exd7 1-0

[Event "TCh-AUT 1st Bundesliga 2008-9"]
[Site "St Veit AUT"]
[Date "2008.11.08"]
[Round "2"]
[White "Sikula, V."]
[Black "Ftacnik, L."]
[Result "1/2-1/2"]
[WhiteElo "2528"]
[BlackElo "2571"]
[PlyCount "102"]
[EventDate "2008.11.07"]
[SourceDate "1999.07.01"]

1. e4 c5 2. Nf3 d6 3. d4 cxd4 4. Nxd4 Nf6 5. Nc3 a6 6. Be2 e6 7. O-O Be7 8. f4
Qc7 9. Bf3 O-O 10. a4 Nc6 11. Be3 Rd8 12. Kh1 Ne5 13. Ndb5 axb5 14. Nxb5 Qc6
15. fxe5 dxe5 16. Qe2 b6 17. b3 Bb7 18. Rad1 h6 19. Rxd8+ Bxd8 20. Qf2 Kh7 21.
Rd1 Be7 22. Bxb6 Nxe4 23. Qe2 f5 24. Bxe4 Qxe4 25. Qxe4 Bxe4 26. Rd2 Bg5 27.
Re2 Bd8 28. Bxd8 Rxd8 29. Kg1 Bb7 30. Nc7 Rd6 31. Rxe5 Rd2 32. g3 Rxc2 33. Nxe6
Rg2+ 34. Kf1 Rxh2 35. Nc5 Rh1+ 36. Kf2 Rh2+ 37. Ke3 Bh1 38. Rxf5 Rg2 39. Ne4
Rg1 40. Kd3 Rd1+ 41. Nd2 Rg1 42. Nf1 Kg6 43. Rf2 h5 44. b4 Bg2 45. Ne3 Bb7 46.
Nf5 Kg5 47. Kd4 Rd1+ 48. Kc5 Rd5+ 49. Kb6 Rxf5 50. Rxf5+ Kxf5 51. Kxb7 g5
1/2-1/2

[Event "38th Olympiad"]
[Site "Dresden GER"]
[Date "2008.11.25"]
[Round "11"]
[White "Karjakin, Sergey"]
[Black "Nakamura, Hi"]
[Result "1/2-1/2"]
[WhiteElo "2730"]
[BlackElo "2704"]
[PlyCount "105"]
[EventDate "2008.11.13"]
[SourceDate "1999.07.01"]

1. e4 c5 2. Nf3 d6 3. d4 cxd4 4. Nxd4 Nf6 5. Nc3 a6 6. Be3 e5 7. Nf3 Be7 8. Bc4
O-O 9. O-O Nc6 10. Re1 b5 11. Bf1 Rb8 12. Bg5 Ng4 13. Bc1 Nf6 14. Bg5 Ng4 15.
Bc1 Nf6 16. a4 b4 17. Nd5 Nxd5 18. Qxd5 Qc7 19. Be3 Na5 20. Qd1 Bb7 21. Nd2 f5
22. exf5 d5 23. f3 Rxf5 24. Bd3 Rf6 25. Nb3 Nc4 26. Bxc4 dxc4 27. Nd2 c3 28.
bxc3 bxc3 29. Nf1 e4 30. f4 a5 31. Qg4 Bd6 32. f5 Bc8 33. Ng3 Rb4 34. Red1 Bc5
35. Bxc5 Qxc5+ 36. Kh1 Rf8 37. Rf1 e3 38. Qe2 Qb6 39. Rfe1 Re8 40. Qd3 Qc5 41.
Ra3 e2 42. Raa1 Rd4 43. Qf3 Ba6 44. f6 Qd5 45. Qf2 Rd1 46. Raxd1 exd1=Q 47. f7+
Qxf7 48. Qxf7+ Kxf7 49. Rxd1 h5 50. h4 g6 51. Rd5 Re3 52. Kh2 Be2 53. Nxe2
1/2-1/2

[Event "38th Olympiad"]
[Site "Dresden GER"]
[Date "2008.11.25"]
[Round "11"]
[White "Kovacevic, A."]
[Black "Le Quang Liem"]
[Result "1/2-1/2"]
[WhiteElo "2581"]
[BlackElo "2583"]
[PlyCount "93"]
[EventDate "2008.11.13"]
[SourceDate "1999.07.01"]

1. e4 c5 2. Nf3 d6 3. d4 cxd4 4. Nxd4 Nf6 5. Nc3 a6 6. Be3 e6 7. Be2 Qc7 8. a4
Be7 9. f4 O-O 10. O-O Nc6 11. Kh1 Nxd4 12. Qxd4 e5 13. Qd3 exf4 14. Bxf4 Be6
15. Qg3 Rad8 16. Rad1 Ne8 17. e5 Qb6 18. Bd3 d5 19. Bg5 Bxg5 20. Qxg5 Rd7 21.
b3 g6 22. Ne2 Ng7 23. Nf4 Re8 24. Rde1 Qd8 25. Qf6 Bf5 26. Rd1 Bg4 27. Rd2 Qxf6
28. exf6 Ne6 29. h3 Nxf4 30. Rxf4 Re1+ 31. Kh2 Be6 32. Kg3 Kf8 33. Kf2 Re5 34.
Re2 Rxe2+ 35. Kxe2 Rd6 36. Ke3 g5 37. Rb4 Bc8 38. Bxh7 Rxf6 39. a5 Rf1 40. Bd3
Rg1 41. Kf2 Ra1 42. Bxa6 bxa6 43. Rb8 Rxa5 44. Rxc8+ Ke7 45. Ke3 Ra1 46. Rc6 f6
47. c4 1/2-1/2

[Event "38th Olympiad"]
[Site "Dresden GER"]
[Date "2008.11.25"]
[Round "11"]
[White "Ragger, M."]
[Black "Kulaots, K."]
[Result "1/2-1/2"]
[WhiteElo "2518"]
[BlackElo "2556"]
[PlyCount "94"]
[EventDate "2008.11.13"]
[SourceDate "1999.07.01"]

1. e4 c5 2. Nf3 d6 3. d4 cxd4 4. Nxd4 Nf6 5. Nc3 a6 6. Be3 e6 7. g4 h6 8. Bg2
Nc6 9. h3 Ne5 10. Qe2 g5 11. O-O-O Bd7 12. Nf3 Rc8 13. Nxe5 dxe5 14. Kb1 b5 15.
h4 Rg8 16. hxg5 hxg5 17. Rd3 Qc7 18. Qf3 Be7 19. Rh6 b4 20. Rxf6 Bb5 21. Rd1
Bxf6 22. Qxf6 bxc3 23. Bxg5 cxb2 24. c3 Rb8 25. Rd2 Bc4 26. Rxb2 Bd3+ 27. Ka1
Rxb2 28. Kxb2 Qb6+ 29. Ka3 Qc5+ 30. Kb3 Qb6+ 31. Ka3 Qc5+ 32. Kb3 Rxg5 33. Qxg5
Qb5+ 34. Ka3 Qc5+ 35. Kb3 Qxf2 36. Qxe5 Bc2+ 37. Ka3 Qxg2 38. Qb8+ Ke7 39. Qc7+
Ke8 40. Qc8+ Ke7 41. Qc7+ Kf6 42. Qf4+ Kg6 43. e5 Qb7 44. Qf6+ Kh7 45. Qh4+ Kg7
46. Qf6+ Kg8 47. Qd8+ Kh7 1/2-1/2

[Event "Bundesliga 2008-9"]
[Site "Baden Baden GER"]
[Date "2008.11.30"]
[Round "6"]
[White "Bacrot, E."]
[Black "Adly, A."]
[Result "1/2-1/2"]
[WhiteElo "2705"]
[BlackElo "2586"]
[PlyCount "136"]
[EventDate "2008.10.03"]
[SourceDate "1999.07.01"]

1. e4 c5 2. Nf3 d6 3. d4 Nf6 4. Nc3 cxd4 5. Nxd4 a6 6. Be3 Ng4 7. Bg5 h6 8. Bh4
g5 9. Bg3 Bg7 10. h3 Ne5 11. Nf5 Bxf5 12. exf5 Qa5 13. Qd5 Qb4 14. Qb3 Qxb3 15.
axb3 Nbc6 16. Nd5 Rd8 17. O-O-O e6 18. fxe6 fxe6 19. Nb6 Ke7 20. Be2 Nf7 21.
Bh5 Be5 22. Bxe5 Nfxe5 23. f3 Rdf8 24. Nc4 Nxc4 25. bxc4 Ne5 26. b3 b5 27. cxb5
axb5 28. Kb2 Rc8 29. Rhe1 Rc7 30. Ra1 Rhc8 31. Re2 Nc6 32. Bg6 Kf6 33. Bd3 Nb4
34. Ra5 Rc5 35. Ra7 R8c7 36. Ra8 Rc8 37. Ra7 R8c7 38. Ra8 Nxd3+ 39. cxd3 Rd5
40. Rf8+ Kg7 41. Rd8 Kf6 42. Rf8+ Kg7 43. Rd8 e5 44. Rc2 Rf7 45. Rc6 Rf6 46.
Rc7+ Kg6 47. g4 Rf7 48. Rxf7 Kxf7 49. Kc2 Rd4 50. Kd2 Ke6 51. Rh8 Rb4 52. Rxh6+
Kd5 53. Rg6 Rxb3 54. Ke3 Rb1 55. Rxg5 b4 56. Rg8 b3 57. Rb8 b2 58. Kd2 Rf1 59.
Rb5+ Ke6 60. Rxb2 Rxf3 61. h4 Rf4 62. Kc3 Rxg4 63. Rh2 Kf6 64. h5 Kg7 65. h6+
Kh7 66. Rh5 Rg3 67. Kc4 Rg4+ 68. Kc3 Rg3 1/2-1/2

[Event "Bundesliga 2008-9"]
[Site "Emsdetten GER"]
[Date "2008.11.30"]
[Round "6"]
[White "Firman, N."]
[Black "Areshchenko, A."]
[Result "1-0"]
[WhiteElo "2525"]
[BlackElo "2664"]
[PlyCount "35"]
[EventDate "2008.10.03"]
[SourceDate "1999.07.01"]

1. e4 c5 2. Nf3 d6 3. d4 cxd4 4. Nxd4 Nf6 5. Nc3 a6 6. f4 e5 7. Nf3 Nbd7 8. Bd3
Be7 9. Qe2 b5 10. Bd2 Bb7 11. a3 Rc8 12. g4 exf4 13. g5 Nh5 14. a4 bxa4 15. Nd5
O-O 16. Bxa6 Bxa6 17. Qxa6 Nc5 18. Qxc8 1-0

[Event "77th ch-UKR"]
[Site "Poltava UKR"]
[Date "2008.12.03"]
[Round "2"]
[White "Vovk, Y."]
[Black "Borovikov, V."]
[Result "0-1"]
[WhiteElo "2549"]
[BlackElo "2580"]
[PlyCount "66"]
[EventDate "2008.12.02"]
[SourceDate "1999.07.01"]

1. e4 c5 2. Nf3 d6 3. d4 cxd4 4. Nxd4 Nf6 5. Nc3 a6 6. Bc4 e6 7. Bb3 b5 8. Qf3
Qc7 9. Bg5 Be7 10. O-O-O Nbd7 11. e5 Bb7 12. Qh3 dxe5 13. Bxf6 Nxf6 14. Nxe6
fxe6 15. Qxe6 Rf8 16. Rhe1 Bc8 17. Qxe5 Qxe5 18. Rxe5 Ra7 19. f3 Rd7 20. Rde1
Kd8 21. g3 Bd6 22. Re6 Kc7 23. a4 Rdd8 24. R6e2 b4 25. Nb1 Rfe8 26. Nd2 Rxe2
27. Rxe2 Re8 28. Kd1 Rxe2 29. Kxe2 Be5 30. Nc4 Bd4 31. h4 Be6 32. g4 Nd7 33. h5
Nc5 0-1

[Event "77th ch-UKR"]
[Site "Poltava UKR"]
[Date "2008.12.04"]
[Round "3"]
[White "Kononenko, Dmitry1"]
[Black "Neverov, V."]
[Result "1-0"]
[WhiteElo "2527"]
[BlackElo "2571"]
[PlyCount "87"]
[EventDate "2008.12.02"]
[SourceDate "1999.07.01"]

1. e4 c5 2. Nf3 d6 3. d4 cxd4 4. Nxd4 Nf6 5. Nc3 a6 6. Be2 e5 7. Nb3 Be7 8. Bg5
Nbd7 9. a4 h6 10. Bh4 g5 11. Bg3 Nf8 12. Nd2 Be6 13. Nc4 Rc8 14. Ne3 h5 15. f3
Qb6 16. Qc1 Ng6 17. a5 Qc6 18. O-O Nf4 19. Qd2 Rg8 20. Rfd1 g4 21. Ncd5 Bxd5
22. exd5 Qd7 23. Rf1 gxf3 24. Bxf3 Ng6 25. Qb4 h4 26. Bxh4 Nxh4 27. Qxh4 Nxd5
28. Qh7 Nf6 29. Qd3 Qc7 30. Kh1 Rd8 31. Nd5 Nxd5 32. Bxd5 Rg7 33. Qb3 Bg5 34.
Rf5 Rd7 35. Raf1 Re7 36. Qh3 f6 37. Rxg5 Rxg5 38. Rxf6 Reg7 39. Qe6+ Re7 40.
Qh3 Reg7 41. Qh8+ Kd7 42. b4 Re7 43. Rf8 Rg4 44. Qh5 1-0

[Event "77th ch-UKR"]
[Site "Poltava UKR"]
[Date "2008.12.05"]
[Round "4"]
[White "Oleksienko, M."]
[Black "Kovchan, A."]
[Result "1/2-1/2"]
[WhiteElo "2585"]
[BlackElo "2545"]
[PlyCount "116"]
[EventDate "2008.12.02"]
[SourceDate "1999.07.01"]

1. e4 c5 2. Nf3 d6 3. d4 cxd4 4. Nxd4 Nf6 5. Nc3 a6 6. Bg5 e6 7. f4 Nc6 8. e5
h6 9. Bh4 dxe5 10. Nxc6 Qxd1+ 11. Rxd1 bxc6 12. fxe5 Nd7 13. Ne4 Bb7 14. Bg3 c5
15. Nd6+ Bxd6 16. Rxd6 Ke7 17. Kf2 Be4 18. Bd3 Bxd3 19. Rxd3 c4 20. Rd4 Rhc8
21. Rhd1 Nb6 22. b3 cxb3 23. cxb3 Rc2+ 24. R1d2 Rac8 25. Kf3 R8c3+ 26. Kg4 Rxd2
27. Rxd2 Nd5 28. Bf2 a5 29. Bd4 Rc8 30. Kf3 Ke8 31. Ke4 a4 32. bxa4 Ra8 33. Rb2
g5 34. Rb7 Rxa4 35. Rb8+ Kd7 36. Rb7+ Kc6 37. Rxf7 Rxa2 38. Rf2 Ra4 39. Rc2+
Kd7 40. Rb2 Nb4 41. Bc3 Nd5+ 42. Bd4 Nb4 43. Bc3 Nc6+ 44. Kd3 Ne7 45. Rb7+ Kd8
46. Rb8+ Kd7 47. Rb7+ Kd8 48. Rb8+ Kc7 49. Rh8 Nf5 50. h3 g4 51. hxg4 Rxg4 52.
Bd2 Rg3+ 53. Ke4 Rg6 54. Bf4 Rxg2 55. Bxh6 Rh2 56. Bg7 Re2+ 57. Kf3 Ra2 58. Bf6
Ra4 1/2-1/2

[Event "Bundesliga 2008-9"]
[Site "Wattenscheid GER"]
[Date "2008.12.13"]
[Round "8"]
[White "Fedorchuk, S."]
[Black "Najer, E."]
[Result "1/2-1/2"]
[WhiteElo "2603"]
[BlackElo "2682"]
[PlyCount "149"]
[EventDate "2008.10.03"]
[SourceDate "1999.07.01"]

1. e4 c5 2. Nf3 d6 3. d4 cxd4 4. Nxd4 Nf6 5. Nc3 a6 6. Be3 e5 7. Nf3 Be7 8. Bc4
O-O 9. O-O Nc6 10. Bg5 Be6 11. Bb3 Nd7 12. Bxe7 Qxe7 13. Nd5 Qd8 14. Qe2 Nc5
15. Rad1 Kh8 16. h3 f5 17. exf5 Bxf5 18. c3 Bg6 19. Nh2 e4 20. Qe3 a5 21. Bc2
Ne5 22. Nf4 Bf5 23. Rd4 Ra6 24. f3 Nc6 25. Rd2 Re8 26. fxe4 Bxe4 27. Re1 Ra8
28. Qxc5 dxc5 29. Rxd8 Raxd8 30. Bxe4 Rd2 31. Nf3 Rxb2 32. a4 Ra2 33. Ng5 g6
34. Nf7+ Kg7 35. Nd6 Re7 36. Nxb7 Rxa4 37. Nxc5 Rc4 38. Nfe6+ Kh6 39. Kf2 Nd8
40. Bd5 Rxc3 41. Re4 Nxe6 42. Nxe6 Rf7+ 43. Ke2 Rf5 44. Kd2 Rg3 45. Rh4+ Rh5
46. Rd4 Rxd5 47. Rxd5 Rxg2+ 48. Ke3 Rg3+ 49. Kf4 Rxh3 50. Rxa5 Rh4+ 51. Kf3
Rh3+ 52. Kg4 Re3 53. Ra6 Re4+ 54. Kf3 Re5 55. Kf4 Re1 56. Nd4 Rf1+ 57. Nf3 Rb1
58. Ra7 Rb4+ 59. Ke3 Rb3+ 60. Ke4 Rb4+ 61. Nd4 Rb1 62. Nc6 Re1+ 63. Kd5 Rh1 64.
Ke6 Kg5 65. Ra5+ Kf4 66. Kf6 Rh5 67. Ra4+ Kg3 68. Nd4 Rd5 69. Ne6 Rd6 70. Ra7
h5 71. Ra3+ Kg4 72. Ke5 Rb6 73. Ra1 h4 74. Rg1+ Kh5 75. Nf4+ 1/2-1/2

[Event "Bundesliga 2008-9"]
[Site "Eppingen GER"]
[Date "2008.12.14"]
[Round "9"]
[White "Luther, T."]
[Black "Shirov, A."]
[Result "1/2-1/2"]
[WhiteElo "2532"]
[BlackElo "2726"]
[PlyCount "43"]
[EventDate "2008.10.03"]
[SourceDate "1999.07.01"]

1. e4 c5 2. Nf3 d6 3. d4 cxd4 4. Nxd4 Nf6 5. Nc3 a6 6. Bg5 e6 7. f4 Nbd7 8. Qf3
Qc7 9. O-O-O b5 10. e5 Bb7 11. Qh3 dxe5 12. Nxe6 fxe6 13. Qxe6+ Be7 14. Bxf6
gxf6 15. Be2 h5 16. Nd5 Bxd5 17. Rxd5 Nb6 18. Bxh5+ Rxh5 19. Qg8+ Bf8 20. Qe6+
Be7 21. Qg8+ Bf8 22. Qe6+ 1/2-1/2

[Event "TCh-SLO"]
[Site "Murska Sobota SLO"]
[Date "2008.12.10"]
[Round "5"]
[White "Sedlak, N."]
[Black "Palac, M."]
[Result "1/2-1/2"]
[WhiteElo "2553"]
[BlackElo "2583"]
[PlyCount "43"]
[EventDate "2008.12.06"]
[SourceDate "1999.07.01"]

1. e4 c5 2. Nf3 d6 3. d4 cxd4 4. Nxd4 Nf6 5. Nc3 a6 6. h3 e6 7. g4 Nc6 8. Be3
Be7 9. Qe2 Qc7 10. f4 O-O 11. O-O-O Nd7 12. Kb1 Nxd4 13. Bxd4 b5 14. Qf2 Bb7
15. Bg2 Rac8 16. a3 Bc6 17. Rhe1 Rfe8 18. f5 a5 19. fxe6 fxe6 20. Rf1 Rf8 21.
Qe2 Ne5 22. Qf2 1/2-1/2

[Event "TCh-SLO"]
[Site "Murska Sobota SLO"]
[Date "2008.12.12"]
[Round "7"]
[White "Borisek, J."]
[Black "Palac, M."]
[Result "1/2-1/2"]
[WhiteElo "2548"]
[BlackElo "2583"]
[PlyCount "30"]
[EventDate "2008.12.06"]
[SourceDate "1999.07.01"]

1. e4 c5 2. Nf3 d6 3. d4 cxd4 4. Nxd4 Nf6 5. Nc3 a6 6. Be3 e5 7. Nf3 Be7 8. Bc4
O-O 9. O-O Be6 10. Bb3 b5 11. Bg5 Nbd7 12. Qe2 b4 13. Na4 Qa5 14. Nh4 g6 15.
Qf3 Kg7 1/2-1/2

[Event "77th ch-UKR"]
[Site "Poltava UKR"]
[Date "2008.12.10"]
[Round "9"]
[White "Kovchan, A."]
[Black "Borovikov, V."]
[Result "1/2-1/2"]
[WhiteElo "2545"]
[BlackElo "2580"]
[PlyCount "86"]
[EventDate "2008.12.02"]
[SourceDate "1999.07.01"]

1. e4 c5 2. Nf3 d6 3. d4 cxd4 4. Nxd4 Nf6 5. Nc3 a6 6. Be3 e5 7. Nb3 Be6 8. Be2
Nbd7 9. O-O Be7 10. a4 O-O 11. a5 Rc8 12. Qd2 Qc7 13. Rfd1 Rfd8 14. Qe1 Qc6 15.
Bf3 Qc7 16. h3 h6 17. Nc1 d5 18. exd5 Bf5 19. Nd3 Bd6 20. Ra4 Re8 21. Be2 e4
22. Nc1 Ne5 23. Nb3 Qd7 24. Rad4 Bxh3 25. Nd2 Bf5 26. Ndxe4 Nxe4 27. Nxe4 Bxe4
28. Rxe4 f5 29. Red4 Rxc2 30. b4 Nf7 31. R1d2 Rcc8 32. Qb1 Be5 33. Rc4 Rxc4 34.
Bxc4 Nd6 35. Bd3 f4 36. Bc5 f3 37. g3 Qh3 38. Qf1 Qg4 39. Kh2 Bc3 40. Rd1 Bxb4
41. Bxd6 Bxd6 42. Qh3 Qa4 43. Qf5 Qxd1 1/2-1/2

[Event "77th ch-UKR"]
[Site "Poltava UKR"]
[Date "2008.12.10"]
[Round "9"]
[White "Oleksienko, M."]
[Black "Brodsky, M."]
[Result "1/2-1/2"]
[WhiteElo "2585"]
[BlackElo "2550"]
[PlyCount "134"]
[EventDate "2008.12.02"]
[SourceDate "1999.07.01"]

1. e4 c5 2. Nf3 d6 3. d4 cxd4 4. Nxd4 Nf6 5. Nc3 a6 6. Be3 e5 7. Nf3 Be7 8. Bc4
O-O 9. O-O Nc6 10. Qe2 Na5 11. Bb3 Nxb3 12. axb3 Be6 13. Rfd1 Qc7 14. Bg5 Nh5
15. Nxe5 Bxg5 16. Qxh5 Bf6 17. Nf3 Bxc3 18. bxc3 Qxc3 19. Nd4 Rfe8 20. Qa5 Rac8
21. Qxc3 Rxc3 22. f3 Kf8 23. Kf2 Rec8 24. Rd2 Ke7 25. h4 h5 26. Ra2 g6 27. Ne2
R3c5 28. c4 R5c6 29. Ra5 Rc5 30. Ra1 R8c7 31. Nd4 Bd7 32. Rda2 f5 33. exf5 Bxf5
34. Rd2 d5 35. Nxf5+ gxf5 36. Re1+ Kd6 37. Red1 b5 38. b4 Rxc4 39. Rxd5+ Ke6
40. Rd6+ Kf7 41. Rxa6 Kg7 42. Rd5 Rxb4 43. Kg3 Rf7 44. Rdd6 Kg8 45. Rh6 Rg7+
46. Kh3 Rb1 47. Ra8+ Kf7 48. Ra7+ Kg8 49. Rxg7+ Kxg7 50. Rxh5 Kg6 51. Rg5+ Kf6
52. Rg8 b4 53. Rb8 Ke5 54. Kg3 b3 55. Rb5+ Kd4 56. Rxf5 b2 57. Rb5 Kc4 58. Rb8
Kc3 59. Kf4 Ra1 60. Rxb2 Kxb2 61. h5 Kc3 62. Kg5 Ra5+ 63. Kg6 Ra6+ 64. Kg5 Ra5+
65. Kg6 Ra6+ 66. Kf5 Ra5+ 67. Kg6 Ra6+ 1/2-1/2

[Event "III Open"]
[Site "Palma de Mallorca ESP"]
[Date "2008.12.10"]
[Round "5"]
[White "Haslinger, S."]
[Black "Safarli, E."]
[Result "0-1"]
[WhiteElo "2506"]
[BlackElo "2568"]
[PlyCount "72"]
[EventDate "2008.12.06"]
[SourceDate "1999.07.01"]

1. e4 c5 2. Nf3 d6 3. d4 cxd4 4. Nxd4 Nf6 5. Nc3 a6 6. Be3 Ng4 7. Bc1 Nf6 8.
Be2 e5 9. Nb3 Be7 10. O-O O-O 11. Re1 Be6 12. Bf3 Nbd7 13. a4 Rc8 14. Nd2 Nb6
15. Nf1 Ne8 16. a5 Nd7 17. Be3 Bg5 18. Qd2 h6 19. Na4 Rc6 20. Rac1 Nef6 21. g3
Rc4 22. b3 Rd4 23. Qc3 Nxe4 24. Bxe4 Rxe4 25. Rcd1 Bxe3 26. Nxe3 Rd4 27. Rxd4
exd4 28. Qxd4 Qxa5 29. Rd1 Qh5 30. Qxd6 Bh3 31. Qd5 Qg6 32. Nc5 Nxc5 33. Qxc5
Re8 34. Qd6 Qh5 35. Qd5 Qe2 36. Qd3 Rxe3 0-1

[Event "GiTelecom Finals"]
[Site "ICC INT"]
[Date "2008.12.14"]
[Round "2.1"]
[White "Vovk, Y."]
[Black "Kovalyov, A."]
[Result "1-0"]
[WhiteElo "2549"]
[BlackElo "2571"]
[PlyCount "99"]
[EventDate "2008.12.14"]
[SourceDate "1999.07.01"]

1. e4 c5 2. Nf3 d6 3. d4 cxd4 4. Nxd4 Nf6 5. Nc3 a6 6. Bc4 e6 7. Bb3 b5 8. Qf3
Qb6 9. Be3 Qb7 10. O-O-O Nbd7 11. Rhe1 Nc5 12. Bg5 Be7 13. Kb1 O-O 14. e5 dxe5
15. Nc6 Nxb3 16. Nxe7+ Qxe7 17. Qxa8 Nd4 18. Qe4 Nxe4 19. Bxe7 Nxf2 20. Bxf8
Nxd1 21. Nxd1 Kxf8 22. Rxe5 Ke7 23. Ne3 Kd6 24. Rh5 h6 25. Rh4 Nc6 26. a4 e5
27. axb5 axb5 28. c4 bxc4 29. Nxc4+ Kc5 30. Ne3 Be6 31. Kc2 f5 32. g3 Nd4+ 33.
Kd3 e4+ 34. Kc3 Nf3 35. Rh5 g6 36. Rxh6 Ne5 37. b4+ Kd6 38. Rh8 Ke7 39. b5 Kf6
40. b6 Nd7 41. b7 g5 42. b8=Q Nxb8 43. Rxb8 f4 44. gxf4 gxf4 45. Rf8+ Kg5 46.
Ng2 f3 47. Ne3 Kh4 48. Kd4 Kh3 49. Kxe4 Kxh2 50. Kxf3 1-0

[Event "8th Amplico AIG Life Rapid"]
[Site "Warsaw POL"]
[Date "2008.12.20"]
[Round "7"]
[White "Fedorchuk, S."]
[Black "Wojtaszek, R."]
[Result "1/2-1/2"]
[WhiteElo "2603"]
[BlackElo "2599"]
[PlyCount "87"]
[EventDate "2008.12.20"]
[SourceDate "1999.07.01"]

1. e4 c5 2. Nf3 d6 3. d4 cxd4 4. Nxd4 Nf6 5. Nc3 a6 6. Be3 e5 7. Nf3 Be7 8. Bc4
O-O 9. O-O Nc6 10. Bg5 Be6 11. Bb3 Nd7 12. Bxe7 Qxe7 13. Nd5 Bxd5 14. Bxd5 Nf6
15. c3 Rac8 16. Re1 Nxd5 17. Qxd5 Nd8 18. Rad1 Rc6 19. Nd2 Ne6 20. Nf1 Nf4 21.
Qd2 Qe6 22. a3 Qg6 23. f3 f5 24. exf5 Rxf5 25. Ne3 Rg5 26. Kh1 Rh5 27. Nf1 Rc5
28. g3 Rd5 29. Qf2 Nd3 30. Qe2 h6 31. Rd2 Nxe1 32. Rxd5 Qf7 33. Rxd6 Nxf3 34.
g4 Rg5 35. Qd3 e4 36. Qxe4 Qf8 37. Re6 Ne5 38. Ng3 Nxg4 39. Qe2 Nf6 40. Qc4 Kh7
41. Qd3+ Kg8 42. Qc4 b5 43. Qc6 Kh7 44. Qf3 1/2-1/2

[Event "XXI Carlos Torre KO"]
[Site "Merida MEX"]
[Date "2008.12.18"]
[Round "2.1"]
[White "Hernandez Guerrero, G."]
[Black "Sadvakasov, D."]
[Result "1/2-1/2"]
[WhiteElo "2549"]
[BlackElo "2643"]
[PlyCount "36"]
[EventDate "2008.12.17"]
[SourceDate "1999.07.01"]

1. e4 c5 2. Nf3 d6 3. d4 cxd4 4. Nxd4 Nf6 5. Nc3 a6 6. Bc4 e6 7. Bb3 b5 8. Bg5
Be7 9. Qf3 Qc7 10. e5 Bb7 11. exd6 Bxd6 12. Qe3 Bc5 13. O-O-O Nc6 14. Bxf6 gxf6
15. Nd5 Qd8 16. Qf4 Bxd4 17. Nc7+ Ke7 18. Rhe1 Qd6 1/2-1/2

[Event "Open A"]
[Site "Gjovik NOR"]
[Date "2009.01.02"]
[Round "5"]
[White "De Firmian, N."]
[Black "Kulaots, K."]
[Result "1/2-1/2"]
[WhiteElo "2545"]
[BlackElo "2556"]
[PlyCount "57"]
[EventDate "2008.12.29"]
[SourceDate "1999.07.01"]

1. e4 c5 2. Nf3 d6 3. d4 cxd4 4. Nxd4 Nf6 5. Nc3 a6 6. Be3 e6 7. Be2 Qc7 8. a4
b6 9. f4 Bb7 10. Bf3 Nbd7 11. Qe2 Be7 12. O-O Rc8 13. g4 Nc5 14. Qg2 h6 15.
Rae1 Nh7 16. Bf2 Nf8 17. f5 e5 18. Nde2 Ncd7 19. Rd1 Nf6 20. Rd2 N8d7 21. h4
Qd8 22. Rfd1 Rc4 23. b3 Rc7 24. Rd3 Nc5 25. Re3 Ncd7 26. Qh1 Qc8 27. Qg2 Qd8
28. Qg3 Qa8 29. Qg2 1/2-1/2

[Event "1st Asian Clubs"]
[Site "Al Ain UAE"]
[Date "2008.12.27"]
[Round "3"]
[White "Dzhumaev, M."]
[Black "Karjakin, Sergey"]
[Result "0-1"]
[WhiteElo "2540"]
[BlackElo "2730"]
[PlyCount "96"]
[EventDate "2008.12.25"]
[SourceDate "1999.07.01"]

1. e4 c5 2. Nf3 d6 3. d4 cxd4 4. Nxd4 Nf6 5. Nc3 a6 6. Be3 e5 7. Nb3 Be6 8. Qd2
Nbd7 9. O-O-O b5 10. f3 Be7 11. g4 O-O 12. Qf2 b4 13. Nd5 Bxd5 14. exd5 a5 15.
g5 Nh5 16. Rg1 a4 17. Nd2 Qc7 18. Kb1 Rfc8 19. Ne4 b3 20. c4 bxa2+ 21. Ka1 Nf4
22. c5 a3 23. b3 Qb8 24. Bc4 Nh3 25. Qd2 Nxg1 26. Bxg1 f5 27. gxf6 Nxf6 28. c6
Nxe4 29. fxe4 Rf8 30. Be3 Bd8 31. Bf2 Rf3 32. Kxa2 Bb6 33. Bg3 Qf8 34. Qc2 Bd4
35. Bd3 h5 36. b4 Kh7 37. b5 Qf6 38. Qe2 Rf8 39. Qc2 h4 40. Be1 Bb6 41. Kxa3
Qf4 42. Kb3 g6 43. Kb2 Bd4+ 44. Kb1 Ra8 45. Bc3 Rf2 46. Qb3 Bb6 47. Bb4 Qxh2
48. Bc2 Rxc2 0-1

[Event "1st Asian Clubs"]
[Site "Al Ain UAE"]
[Date "2008.12.30"]
[Round "6"]
[White "Dzhumaev, M."]
[Black "Wang Hao"]
[Result "0-1"]
[WhiteElo "2540"]
[BlackElo "2696"]
[PlyCount "60"]
[EventDate "2008.12.25"]
[SourceDate "1999.07.01"]

1. e4 c5 2. Nf3 d6 3. d4 cxd4 4. Nxd4 Nf6 5. Nc3 a6 6. Be3 e6 7. Qd2 b5 8. f3
Nbd7 9. O-O-O Bb7 10. Bd3 Rc8 11. Kb1 Nb6 12. Qe1 Nfd7 13. Bc1 Be7 14. f4 O-O
15. f5 e5 16. f6 Bxf6 17. Nf5 Nc5 18. Rf1 b4 19. Ne2 a5 20. Neg3 g6 21. Nh6+
Kh8 22. Rd2 Nxd3 23. cxd3 Ba6 24. Qd1 Qe7 25. Qg4 Bg5 26. Nhf5 Qf6 27. Rf3
Rxc1+ 28. Kxc1 Bc8 29. h4 Bxd2+ 30. Kxd2 Rg8 0-1

[Event "1st Asian Clubs"]
[Site "Al Ain UAE"]
[Date "2008.12.31"]
[Round "7"]
[White "Efimenko, Z."]
[Black "Dao Thien Hai"]
[Result "1/2-1/2"]
[WhiteElo "2680"]
[BlackElo "2510"]
[PlyCount "60"]
[EventDate "2008.12.25"]
[SourceDate "1999.07.01"]

1. e4 c5 2. Nf3 d6 3. d4 cxd4 4. Nxd4 Nf6 5. Nc3 a6 6. Be2 e6 7. O-O Qc7 8. f4
Be7 9. Be3 O-O 10. g4 Nc6 11. g5 Nd7 12. f5 Nde5 13. f6 Bd8 14. Bd3 Nxd4 15.
Bxd4 gxf6 16. gxf6 Kh8 17. Kh1 Rg8 18. Qh5 Rg6 19. Bxe5 dxe5 20. Qh4 Qc5 21.
Rf3 Qf8 22. Rg1 Qh6 23. Qxh6 Rxh6 24. Rg7 Rxf6 25. Rxf7 Rxf3 26. Rxf3 Kg7 27.
Rg3+ Kf7 28. Rh3 Kg6 29. Rg3+ Kf7 30. Rh3 Kg6 1/2-1/2